000 00755cam a2200265Li 4500
001 97067
005 20230411090056.0
008 100315s2001 es f 000 0 spa d
035 _a(OCoLC)ocn690467968
040 _aZWZ
_encafnor
_bfre
_cZWZ
029 0 _aZWZ
_b14260352X
035 _a(OCoLC)690467968
049 _aGRAL
100 1 _aWhite, Alastair.
_eAuteur.
245 1 0 _aEl Salvador /
_cAlastair White.
250 _a6a ed.
260 _aSan Salvador (El Salvador) :
_bUCA Editores,
_c2001.
300 _a350 p. ;
_c20 cm.
490 1 _aColección Estructuras y Procesos ;
_v12
651 7 _aEl Salvador
_xHistoire.
_2ram
830 0 _aColección Estructuras y Procesos ;
_v12.
942 _2lcc
_cbk
994 _aC0
_bDRFGD
946 _aJP
999 _c112043
_d112043